000 00588nam a2200181 4500
001 148789
003 ES-MaACL
005 20231205142505.0
007 t|
008 070214s1935 sp r ||||1| spa d
100 1 _aSuárez, Francisco.
_9108560
245 1 0 _aDisputaciones metafísicas sobre el concepto del ente /
_cFrancisco Suárez ; traducción del latín por X. Zubiri.
260 _aMadrid :
_b[s. n.],
_c1935 (
_fGalo Sèz)
300 _a197 p. ;
_c18 x 13.
700 1 _aZubiri, Xavier,
_d1898-1983
_9118406
852 _aES-MaACL
_jA-3351
999 _c148789
_d148789